000
00247nam a2200085Ia 4500
008
170620s9999 xx 000 0 und d
100
_a
Reddy- G. Lokanadha
245
0
_a
Education of Children With Special Needs
260
_b
New Delhi- Discovery Publishing House
260
_c
2004
999
_c
24333
_d
24333